| 000 -LEADER |
| fixed length control field |
01261nam a2200265Ia 4500 |
| 001 - CONTROL NUMBER |
| control field |
18393 |
| 003 - CONTROL NUMBER IDENTIFIER |
| control field |
GE_BSU |
| 008 - FIXED-LENGTH DATA ELEMENTS--GENERAL INFORMATION |
| fixed length control field |
181216s||||||||xx |||||||||||||| ||und|| |
| 020 ## - INTERNATIONAL STANDARD BOOK NUMBER |
| International Standard Book Number |
978-99940-50-79-6 |
| 040 ## - CATALOGING SOURCE |
| Transcribing agency |
GE_BSU |
| 080 ## - UNIVERSAL DECIMAL CLASSIFICATION NUMBER |
| Universal Decimal Classification number |
070(479.22)(09) |
| 100 ## - MAIN ENTRY--PERSONAL NAME |
| Personal name |
მაჭავარიანი, მაია |
| 245 ## - TITLE STATEMENT |
| Title |
ჟურნალისტიკის ისტორია |
| 245 ## - TITLE STATEMENT |
| Remainder of title |
სახელმძღვ. ჟურნალისტიკისა და მასკომუნიკაციების ფაკ-ტის სტუდ. |
| 245 ## - TITLE STATEMENT |
| Statement of responsibility, etc. |
რედ. რუსუდან დაუშვილი ; წინასიტყვ. მაია ქავთარაშვილი |
| 260 ## - PUBLICATION, DISTRIBUTION, ETC. |
| Place of publication, distribution, etc. |
თბილისი |
| 260 ## - PUBLICATION, DISTRIBUTION, ETC. |
| Name of publisher, distributor, etc. |
საქ. უნ-ტის გამ-ბა |
| 260 ## - PUBLICATION, DISTRIBUTION, ETC. |
| Date of publication, distribution, etc. |
2009 |
| 300 ## - PHYSICAL DESCRIPTION |
| Extent |
639გვ. ; 27სმ. |
| 300 ## - PHYSICAL DESCRIPTION |
| Accompanying material |
ქრონოლოგია: გვ.508-549. - ლექსიკონი: გვ. 550-604. - პირ. საძ.: გვ. 605-629. - ბიბლიოგრ.: გვ. 630-638. |
| 653 ## - INDEX TERM--UNCONTROLLED |
| Uncontrolled term |
მედია, ჟურნალისტიკა |
| 653 ## - INDEX TERM--UNCONTROLLED |
| Uncontrolled term |
ჟურნალისტიკის ისტორია |
| 942 ## - ADDED ENTRY ELEMENTS (KOHA) |
| Koha item type |
წიგნი |